000 00442nam a2200133 a 4500
001 000028866
005 20200930055203.0
008 110412s1999 dr a 000 0 spa d
040 _aDO-SdBNP
_bspa
_cBNPHU
082 _a9993480020
245 0 0 _aProceedings of biotechnology network seminar for the caribbean.
260 _aSanto Domingo :
_bCentro para el Desarrollo Agropecuario y Forestal (CEDAF),
_c1999.
300 _a108 p. :
_bil. ;
_c27 cm.
999 _c28358
_d28358